Ganadores del Giro de Italia - Estadísticas

Estadísticas generales
  • Esta prueba ha sido intentada 38 veces
    28 desde el último reinicio
  • La puntuación promedio es 40 de 107
Estadísticas de respuestas
Año Ganador % Correcto
2008 | 2015 Alberto Contador
95%
2023 Primož Roglič
95%
2024 Tadej Pogačar
95%
1968 | 1970 | 1972 | +2 others Eddy Merckx
90%
2013 | 2016 Vincenzo Nibali
90%
2018 Chris Froome
86%
1940 | 1947 | 1949 | +2 others Fausto Coppi
86%
1998 Marco Pantani
86%
2014 Nairo Quintana
86%
1980 | 1982 | 1985 Bernard Hinault
81%
1992 | 1993 Miguel Induráin
81%
2019 Richard Carapaz
76%
2021 Egan Bernal
71%
1960 | 1964 Jacques Anquetil
67%
2022 Jai Hindley
67%
2020 Tao Geoghegan Hart
67%
2017 Tom Dumoulin
67%
2006 | 2010 Ivan Basso
62%
1936 | 1937 | 1946 Gino Bartali
52%
2012 Ryder Hesjedal
52%
2004 Damiano Cunego
38%
1989 Laurent Fignon
38%
1995 Tony Rominger
38%
1925 | 1927 | 1928 | +2 others Alfredo Binda
33%
2007 Danilo Di Luca
33%
2009 Denís Menshov
33%
1967 | 1969 | 1976 Felice Gimondi
33%
2011 Michele Scarponi
33%
1987 Stephen Roche
33%
1990 Gianni Bugno
29%
2002 | 2005 Paolo Savoldelli
29%
1984 Francesco Moser
24%
2001 | 2003 Gilberto Simoni
24%
1919 | 1923 Costante Girardengo
19%
1979 | 1983 Giuseppe Saronni
19%
1997 | 1999 Ivan Gotti
19%
1996 Pável Tonkov
19%
1994 Yevgueni Berzin
19%
1909 Luigi Ganna
14%
2000 Stefano Garzelli
14%
1956 | 1959 Charly Gaul
10%
1948 | 1951 | 1955 Fiorenzo Magni
10%
1920 Gaetano Belloni
10%
1957 Gastone Nencini
10%
1981 Giovanni Battaglin
10%
1986 Roberto Visentini
10%
1914 Alfonso Calzolari
5%
1988 Andrew Hampsten
5%
1932 Antonio Pesenti
5%
1961 Arnaldo Pambianco
5%
1912 Atala-Dunlop
5%
1954 Carlo Clerici
5%
1910 | 1911 Carlo Galetti
5%
1913 Carlo Oriani
5%
1958 Ercole Baldini
5%
1975 Fausto Bertoglio
5%
1931 Francesco Camusso
5%
1962 | 1963 Franco Balmamion
5%
1991 Franco Chioccioli
5%
1966 Gianni Motta
5%
1921 | 1922 | 1926 Giovanni Brunero
5%
1938 | 1939 Giovanni Valetti
5%
1924 Giuseppe Enrici
5%
1971 Gösta Pettersson
5%
1950 Hugo Koblet
5%
1978 Johan de Muynck
5%
1934 Learco Guerra
5%
1930 Luigi Marchisio
5%
1977 Michel Pollentier
5%
1935 Vasco Bergamaschi
5%
1965 Vittorio Adorni
5%
No se encontraron pruebas coincidentes
Distribución de puntuación
Porcentaje de gente con cada puntuación
Porcentaje por número respondido
Historial de tus puntuaciones
No has intentado esta prueba desde el último reinicio